000 00870nas a2200301 4500
001 BR0806349
003 BR-BrBNA
005 20231205112124.0
007 ta
008 230509b bl.|||p| |||| 00| 00por d
040 _aBR-BrBNA
_bpor
_cBiblioteca Nacional de Agricultura
041 _a(Pt)
072 _aF01; S20
100 1 _aPereira, L.E.T.
100 1 _aScaravelli, L.F.B.
100 1 _aOlivo, C.J.
100 1 _aVendrame, T.
100 1 _aTyska, D.
100 1 _aAgnolin, C.A.
245 1 _aProdução de forragem em pastagem de bermuda sobre-semeada com aveia e azevém
650 _aPASTAGEM
650 _aPLANTA FORRAGEIRA
650 _aVACA
650 _aLACTAÇÃO
773 0 _tCiência Rural (Brazil)
_xISSN 0103-8478
_g(Mar-Apr 2008), v. 38(2) p. 457-462
_wBR0806349
909 _a202311
_bLúcia
_c55
_dLúcia Elande
942 _2AGRIS
_n0
_cANA
999 _c196205
_d196205